Bytový dom

Enregistré dans:
Détails bibliographiques
Auteur principal: Sárközyová, Krisztina (Auteur)
Autres auteurs: Bielek, Boris (Directeur de thèse)
Format: Manuscrit Livre
Langue:slovaque
Publié: 2021
Sujets:
Accès en ligne:http://is.stuba.sk/zp/portal_zp.pl?podrobnosti=128757
https://opac.crzp.sk/?fn=detailBiblioForm&sid=FD93F7145DB968626BD032EFB2D7
Tags: Ajouter un tag
Pas de tags, Soyez le premier à ajouter un tag!

MARC

LEADER 00000ntm a22000003a 4500
001 stuzp78931
003 SK-STU
005 20230522143819.7
007 ta
008 150427s2015----xo-----f-mn---000-0-slo-d
040 |a STU  |b slo 
041 0 |a slo 
100 1 |a Sárközyová, Krisztina  |u 010180  |4 aut  |U SvF Stavebná fakulta  |T SvF Katedra konštrukcií pozemných stavieb  |X 82491  |U V180  |Y 18  |7 82491 
242 0 1 |a Residential building  |y eng 
245 1 0 |a Bytový dom 
260 |c 2021 
650 4 |a obkladový pásik  |2 slo 
650 4 |a bytový dom  |2 slo 
650 4 |a plochá strecha  |2 slo 
650 4 |a residential building  |2 eng 
650 4 |a apartment building  |2 eng 
650 4 |a flat roof  |2 eng 
650 4 |a decorative bricks  |2 eng 
700 1 |a Bielek, Boris  |u 010180  |k Z1  |4 ths  |U SvF Stavebná fakulta  |T SvF Katedra konštrukcií pozemných stavieb  |X 4303  |U V180  |Y 18  |7 A000004303 
856 4 |u http://is.stuba.sk/zp/portal_zp.pl?podrobnosti=128757 
856 4 |u https://opac.crzp.sk/?fn=detailBiblioForm&sid=FD93F7145DB968626BD032EFB2D7